000 00967nam a2200241 i 4500
001 165211
003 ES-MaACL
005 20250908233610.0
008 940615s1888 sp af |||| |dspa d
080 _a725.822(460.27 M.)
080 _a792(460.27 M.)"15/17"
100 1 _aSepúlveda, Ricardo,
_d1846-1909
_9132653
245 1 3 _aEl Corral de la Pacheca
_b: apuntes para la historia del teatro español /
_cpor Ricardo Sepúlveda ; con un prólogo de Julio Monreal ; ilustraciones de Comba y fotograbados de Laporta.
260 _aMadrid :
_bLibrería de Fernando Fe,
_c1888.
300 _a667 p., [9] h. de lám. ;
_c18 cm.
510 4 _aPALAU, 309394
610 2 4 _aCorral de La Pacheca.
_9137506
700 1 _aMonreal, Julio,
_d1839-1890
_9148903
700 1 _aComba, Juan,
_d1852-1924
_9126552
700 1 _aLaporta, Francisco,
_d1850-1914
_9152865
852 _aES-MaACL
_jZ-104
_z-- Enc. pasta
_xOLim: F-11163
999 _c165211
_d165211